01102 2200373 4500001002100000005001500021035002000036007000300056040001700059100003100076245010900107250001300216300003900229504002700268020002200295041000800317082000800325084001400333090001900347264004600366336002100412337003000433338002300463500002900486650001000515700004500525700003500570850001000605008004100615990001800656990001800674990001800692990001800710INLIS00000000000632720260418080507 a0010-0322000571ta aSBPUPADbind0 aYohanes SunardiePengarang1 aSehat dan Pintar :bPanduan Nutrisi bagi Buah Hati /cYohanes Sunardi, Sean Sunardi , Editor Nina Kenyar a.-cet.22 axx, 76 hal. :bilus. ;c15 x 23 cm aBibliografi, hlm 73-74 a978-979-29-4024-40 aind a363 a363 YOH s a363 YOH s 13-2 a.--Yogyakarta. :bRapha Publishing,c2013 2rdacontentaTeks 2rdamediaaTanpa Perantara 2rdacarrieravolume aBiografi Penulis, hlm 75 4aSehat aPengarang kedua, Sean SunardiePengarang aEditor, Nina KenyarePengarang aPUPAD260418 0  a14875/Br/2014 a14872/Br/2014 a14873/Br/2014 a14874/Br/2014